000 00457nab a22001457 4500
003 ES-SlBCS
005 20211206144856.0
008 180228s2018 sp ||||| |||| 00| 0 spa d
040 _aES-SlBCS
_bspa
041 _aspa
100 1 _aIrarrázaval, Diego
_95377
245 1 0 _aLiberación en América del Sur nutrida por el cristianismo asiático
_cDiego Irarrazaval
773 0 _gNúm. 374, 2018, págs. 61-70
_tConcilium
_wRev134
_x0210-1041
942 _2lcc
_cAR
999 _c475448
_d475448